000 00505nam a2200169Ia 4500
005 20250508155937.0
008 008 250505s9999 xx 000 0 eng d
037 _aBooks to be hide in OPAC
040 _aFEDL
_beng
_cFEDL
041 _aeng
_2eng
084 _a379.597, COC/O
_qFEDL
245 0 _aProgress of education in the cochinstate
260 _aErnakulam, India
_bThe Cochin Government Press
_c1914
300 _a25p.
942 _cHB
_h379.597, COC/O
999 _c1360293
_d1360293